Finanční okolí podniku a jeho vliv na podnikové rozhodování
Finančné okolie podniku a jeho hlavná zložka - finančné sprostredkovanie. Finančné sprostredkovanie - jeden z rozhodujúcich faktorov hospodárskeho rastu. Na českom finančnom trhu rozhodujúca časť finančných prostriedkov je alokovaná prostredníctvom bankových sprostredkovateľských trhov. Efektivita b...
Salvato in:
| Autore principale: | |
|---|---|
| Natura: | Capitolo di libro |
| Lingua: | ceco |
| Soggetti: | |
| Tags: |
Nessun Tag, puoi essere il primo ad aggiungerne!!
|
MARC
| LEADER | 00000naa$a2200000$$$4500 | ||
|---|---|---|---|
| 001 | 0046841 | ||
| 005 | 20221128095411.9 | ||
| 041 | 0 | |a cze | |
| 044 | |a SK | ||
| 245 | 1 | 0 | |a Finanční okolí podniku a jeho vliv na podnikové rozhodování |c Mária Režňáková |
| 520 | |a Finančné okolie podniku a jeho hlavná zložka - finančné sprostredkovanie. Finančné sprostredkovanie - jeden z rozhodujúcich faktorov hospodárskeho rastu. Na českom finančnom trhu rozhodujúca časť finančných prostriedkov je alokovaná prostredníctvom bankových sprostredkovateľských trhov. Efektivita bankového sektoru Českej republiky. Objem poskytovaných úverov pre podnikovú sféru stagnuje. V tejto situácii sú podniky nútené nahradzovať nedostatok bankových úverov medzipodnikovým financovaním, tento trend sa prejavil v náraste medzipodnikového zadlženia. Riziká medzipodnikového zadlženia. Presun finančného sprostredkovania z bankových subjektov na poisťovne. | ||
| 610 | 2 | 0 | |a podnik malý |
| 610 | 2 | 0 | |a podnik stredný |
| 610 | 2 | 0 | |a zdroje finančné |
| 610 | 2 | 0 | |a zdroje podnikové |
| 610 | 2 | 0 | |a sprostredkovatelia |
| 610 | 2 | 0 | |a zadlženosť |
| 610 | 2 | 0 | |a banky |
| 610 | 2 | 0 | |a poisťovne |
| 100 | 1 | |a Režňáková, Mária | |